Kuwait International Airport Destinations (Kuwait City, Kuwait) - Statistics

General Stats
  • This quiz has been taken 115 times
    39 since last reset
  • The average score is 31 of 79
Answer Stats
Airline Destination % Correct
Air Arabia Abu Dhabi
100%
Air Cairo/Alexandria Airlines Alexandria
94%
IndiGo Delhi
94%
Air Arabia/Air Cairo/Nesma Airlines Cairo
90%
Kuwait Airways Muscat
87%
Saudia Riyadh
87%
ATA Airlines/Jazeera Airways Tehran (Imam Khomeini)
87%
AJet Istanbul (Sabiha Gökçen)
84%
Jazeera Airways Karachi
84%
Jazeera Airways Ahmedabad
81%
Air India Express/Jazeera Airways/Kuwait Airways Bengaluru
81%
Biman Bangladesh Airlines Dhaka
81%
Jazeera Airways Islamabad
81%
Himalaya Airlines/Kuwait Airways Kathmandu
77%
Jazeera Airways/Kuwait Airways/Pegasus Airlines Antalya
71%
Air India Express Chennai
71%
Kuwait Airways Hyderabad
71%
Yemenia Aden
61%
Jazeera Airways Colombo (Bandaranaike)
61%
Jazeera Airways Almaty
58%
Kam Air Kabul
58%
Jazeera Airways Yerevan
58%
Air Cairo/Kuwait Airways Luxor
55%
Jazeera Airways Tashkent
55%
Kuwait Airways Tbilisi
52%
Kuwait Airways Milan (Malpensa)
48%
Air Arabia Sharjah
48%
Jazeera Airways Addis Ababa
45%
Jazeera Airways Hurghada
45%
Air India Express Kochi
45%
Jazeera Airways Moscow (Domodedovo)
45%
Kuwait Airways Bodrum
42%
Kuwait Airways Casablanca
42%
Air India Express Kozhikode
42%
Kuwait Airways Madrid
42%
ATA Airlines/Iran Air/Kuwait Airways/Sepehran Airlines/Varesh Airlines Mashhad
42%
Jazeera Airways Thiruvananthapuram
42%
Jazeera Airways/Kuwait Airways Salalah
39%
Jazeera Airways/Kuwait Airways/Pegasus Airlines/SunExpress Trabzon
39%
Kuwait Airways Barcelona
35%
Jazeera Airways Chittagong
35%
Fly Cham/Jazeera Airways Damascus
35%
Kuwait Airways Amsterdam
32%
Jazeera Airways Dushanbe
32%
Iran Air Lar
32%
Iran Air/Jazeera Airways Shiraz
32%
Pakistan International Airlines Sialkot
32%
Jazeera Airways Tirana
32%
Jazeera Airways Abha
26%
Jazeera Airways Larnaca
26%
Jazeera Airways Budapest
23%
Jazeera Airways Giza
19%
Air India Express Mangalore
19%
Kuwait Airways Sarajevo
19%
ATA Airlines/Iran Air Ahvaz
16%
Air India Express Kannur
16%
Jazeera Airways Prague
16%
Jazeera Airways Sochi
16%
Air Cairo Sohag
16%
Air India Express Tiruchirappalli
16%
Jazeera Airways Batumi
13%
Air Cairo Assiut
10%
Kuwait Airways Guangzhou
10%
Kuwait Airways Málaga
10%
Tarco Aviation Port Sudan
10%
Jazeera Airways Gassim
6%
Jazeera Airways Al Ain
3%
Jazeera Airways Kraków
3%
Jazeera Airways Tivat
3%
Jazeera Airways Türkıstan
3%
Jazeera Airways Al Jawf
0%
Jazeera Airways Fergana
0%
Air India Express Goa (Mopa)
0%
Kam Air Khost
0%
ATA Airlines Lamerd
0%
Akasa Air Mumbai (Shivaji)
0%
Jazeera Airways Nemangan
0%
Jazeera Airways Rize (Artvin)
0%
Jazeera Airways Siddharthanagar
0%
No matching quizzes found
Score Distribution
Percent of People with Each Score
Percentile by Number Answered
Your Score History
You have not taken this quiz since the last reset